000 00671nam a2200133Ia 4500
008 171212s9999 xx 000 0 und d
020 _a9780874212587
100 _aHawisher, Gail
245 _cHawisher, Gail
_aPassions Pedagogies and 21st Century Technologies
260 _bUniversity Press of Colorado
_c1999
650 _aEnglish language -- Rhetoric -- Study and teaching -- Technological innovations; English language -- Rhetoric -- Study and teaching -- Data processing; English language -- Composition and exercises -- Data processing; Academic writing -- Study and teachin
650 _aLanguage & Literature
856 _uwww.jstor.org/stable/10.2307/j.ctt46nrfk
999 _c353143
_d353143